Sports Quiz

Random Sports or Basketball Quiz
Score 0/12 Timer 06:00
0 Plays Today
% Correct
Kobe Bryant
99.7%
LeBron James
99.7%
Jason Kidd
99.7%
Chris Paul
99.7%
Dwyane Wade
99.7%
Dwight Howard
99.1%
Carmelo Anthony
98.8%
Chris Bosh
97.7%
Deron Williams
93.1%
Carlos Boozer
92.8%
Michael Redd
87.6%
Tayshaun Prince
84.4%
Remove Ads.
Support Sporcle.
Get the best of Sporcle when you Go Orange. This ad-free experience offers more features, more stats, and more fun while also helping to support Sporcle. Thank you for becoming a member.

You're not logged in!

Compare scores with friends on all Sporcle quizzes.
OR
Log In

Show Comments

Extras

Top Quizzes Today


Score Distribution

Your Account Isn't Verified!

In order to create a playlist on Sporcle, you need to verify the email address you used during registration. Go to your Sporcle Settings to finish the process.

Report this User

Report this user for behavior that violates our Community Guidelines.

Details: